000 01313nam a2200325 a 4500
001 ebr10046992
003 CaPaEBR
006 m u
007 cr cn|||||||||
008 910816s1991 ne a sb 001 0 eng
010 _z 91031945
020 _z0792314565 (acid-free paper)
040 _aCaPaEBR
_cCaPaEBR
035 _a(OCoLC)559343450
050 1 4 _aQA11
_b.A36 1991eb
082 0 4 _a510/.71
_220
245 0 0 _aAdvanced mathematical thinking
_h[electronic resource] /
_cedited by David Tall.
260 _aDordrecht ;
_aBoston :
_bKluwer Academic Publishers,
_cc1991.
300 _axvii, 289 p. :
_bill.
490 1 _aMathematics education library ;
_vv. 11
504 _aIncludes bibliographical references (p. 261-274) and index.
533 _aElectronic reproduction.
_bPalo Alto, Calif. :
_cebrary,
_d2013.
_nAvailable via World Wide Web.
_nAccess may be limited to ebrary affiliated libraries.
650 0 _aMathematics
_xStudy and teaching.
650 0 _aMathematics
_xPsychological aspects.
655 7 _aElectronic books.
_2local
700 1 _aTall, David Orme.
710 2 _aebrary, Inc.
830 0 _aMathematics education library ;
_vv. 11.
856 4 0 _uhttp://site.ebrary.com/lib/rucke/Doc?id=10046992
_zAn electronic book accessible through the World Wide Web; click to view
999 _c73362
_d73362